| Tag |
First Indicator |
Second Indicator |
Subfields |
| LEADER |
00000cam a2200000Ia 4500 |
| 001 |
in00000019094 |
| 005 |
20180717090026.0 |
| 008 |
880209s1987 cau 000 p eng d |
| 035 |
|
|
|a (OCoLC)ocm17449733
|
| 035 |
|
|
|a (OCoLC)17449733
|
| 035 |
|
|
|9 AAB4178AM
|
| 040 |
|
|
|a CXP
|b eng
|c CXP
|d OCL
|d GZM
|d OCLCQ
|d BTCTA
|d YUS
|d YDXCP
|d JBO
|d NDD
|d YJA
|d OCLCQ
|d OCLCF
|d OCLCO
|d OCLCQ
|d TXA
|
| 019 |
|
|
|a 17553351
|a 798919354
|a 979944829
|a 980146524
|a 1020414878
|
| 020 |
|
|
|a 089594247X
|q (pbk.)
|
| 020 |
|
|
|a 9780895942470
|q (pbk.)
|
| 020 |
|
|
|a 0895942488
|q (cloth)
|
| 020 |
|
|
|a 9780895942487
|q (cloth)
|
| 035 |
|
|
|a (OCoLC)17449733
|z (OCoLC)17553351
|z (OCoLC)798919354
|z (OCoLC)979944829
|z (OCoLC)980146524
|z (OCoLC)1020414878
|
| 050 |
1 |
4 |
|a PS3552.R698
|b A17 1987
|
| 082 |
0 |
4 |
|a 811.54
|b B814p
|2 19
|
| 090 |
|
|
|a PS3552.R698
|b A6 1987
|
| 049 |
|
|
|a TXAM
|
| 100 |
1 |
|
|a Brown, Rita Mae,
|e author.
|
| 240 |
1 |
0 |
|a Poems.
|k Selections
|
| 245 |
1 |
0 |
|a Poems /
|c Rita Mae Brown.
|
| 264 |
|
1 |
|a Freedom, California :
|b Crossing Press,
|c [1987]
|
| 300 |
|
|
|a 111 unnumbered pages ;
|c 19 cm
|
| 336 |
|
|
|a text
|b txt
|2 rdacontent
|
| 337 |
|
|
|a unmediated
|b n
|2 rdamedia
|
| 338 |
|
|
|a volume
|b nc
|2 rdacarrier
|
| 500 |
|
|
|a Originally published: The hand that cradles the rock. New York University Press, 1971.
|
| 500 |
|
|
|a Originally published: Songs to a handsome woman. Diana Press, 1973.
|
| 500 |
|
|
|a " ... two books of poems ... in one volume, with a new introduction by the author."--Page 4 of cover.
|
| 505 |
0 |
|
|a The hand that cradles the rock -- Songs to a handsome woman.
|
| 500 |
|
|
|a The Cushing Library/Women & Gender Studies copy was acquired as part of The Arden Eversmeyer Collection.
|
| 541 |
0 |
|
|a Donated by Arden Eversmeyer
|d 20161118
|
| 650 |
|
0 |
|a Lesbians
|v Poetry.
|
| 650 |
|
0 |
|a American poetry
|y 20th century
|x African American authors.
|
| 650 |
|
7 |
|a American poetry
|x African American authors.
|2 fast
|0 (OCoLC)fst00807349
|
| 700 |
1 |
2 |
|a Brown, Rita Mae.
|t Hand that cradles the rock.
|
| 700 |
1 |
2 |
|a Brown, Rita Mae.
|t Songs to a handsome woman.
|
| 776 |
0 |
8 |
|i Online version:
|a Brown, Rita Mae.
|t Poems.
|d Freedom, Calif. : Crossing Press, 1987
|w (OCoLC)572148082
|
| 994 |
|
|
|a C0
|b TXA
|
| 948 |
|
|
|a updated
|b h
|c 2018/6/18
|d c
|e nbehmer
|f 11:08:35 am
|
| 999 |
f |
f |
|s fe48776e-fd72-3b60-ab19-40e287536196
|i 1dacbe2e-50d3-3f53-9bcf-2494b1cb89d1
|t 0
|
| 952 |
f |
f |
|p ric
|a Texas A&M University
|b Rellis Campus
|c Joint Library Facility
|s JLF
|d Remote Storage
|t 0
|e PS3552.R698 A17 1987
|h Library of Congress classification
|i unmediated -- volume
|m A14819258617
|
| 998 |
f |
f |
|a PS3552.R698 A17 1987
|t 0
|l Remote Storage
|